|
|
|
|
| LEADER |
00000nam0a2200000 4500 |
| 001 |
256241 |
| 005 |
20231101233110.0 |
| 035 |
|
|
|a (RuTPU)RU\TPU\book\278897
|
| 090 |
|
|
|a 256241
|
| 100 |
|
|
|a 20140407d1987 k y0rusy50 ca
|
| 101 |
0 |
|
|a rus
|
| 102 |
|
|
|a RU
|
| 105 |
|
|
|a a z 001zy
|
| 200 |
1 |
|
|a Нефтегеологическая зональность и методы поисков нефти и газа в Прикаспийском районе
|e сборник научных трудов
|f Академия наук СССР (АН СССР), Институт геологии и разработки горючих ископаемых (ИГиРГИ) ; под ред. В. Н. Михальковой
|
| 210 |
|
|
|a Москва
|c Изд-во ИГиРГИ
|d 1987
|
| 215 |
|
|
|a 118 с.
|c ил.
|
| 320 |
|
|
|a Библиография в конце статей
|
| 606 |
1 |
|
|a Нефтегазоносность
|x Поиски и разведка
|2 stltpush
|3 (RuTPU)RU\TPU\subj\45612
|9 64805
|
| 610 |
1 |
|
|a нефтегеологическая зональность
|
| 610 |
1 |
|
|a нефть
|
| 610 |
1 |
|
|a газ
|
| 610 |
1 |
|
|a поиски
|
| 610 |
1 |
|
|a методы
|
| 610 |
1 |
|
|a Прикаспий
|
| 610 |
1 |
|
|a Прикаспийская нефтегазоносная провинция
|
| 675 |
|
|
|a 553.98:550.3(470.4)
|v 3
|
| 702 |
|
1 |
|a Михалькова
|b В. Н.
|4 340
|
| 712 |
0 |
2 |
|a Академия наук СССР (АН СССР)
|b Институт геологии и разработки горючих ископаемых (ИГиРГИ)
|c (Москва)
|c (1958-????)
|2 stltpush
|3 (RuTPU)RU\TPU\col\13483
|
| 801 |
|
1 |
|a RU
|b 63413507
|c 20140407
|
| 801 |
|
2 |
|a RU
|b 63413507
|c 20140723
|g RCR
|
| 942 |
|
|
|c BK
|